Tạp chí Nghiên cứu Tài chính Kế toán
Đã lưu trong:
| 主要作者: | |
|---|---|
| 格式: | 圖書 |
| 語言: | Undetermined |
| 出版: |
Hà Nội
|
| 主題: | |
| 在線閱讀: | http://lrc.tdmu.edu.vn/opac/search/detail.asp?aID=2&ID=6884 |
| 標簽: |
添加標簽
沒有標簽, 成為第一個標記此記錄!
|
| Thư viện lưu trữ: | Trung tâm Học liệu Trường Đại học Thủ Dầu Một |
|---|
| LEADER | 00621nam a2200157Ia 4500 | ||
|---|---|---|---|
| 001 | TDMU_6884 | ||
| 008 | 210410s9999 xx 000 0 und d | ||
| 082 | |a NULL | ||
| 100 | |a Bộ Tài chính | ||
| 245 | 0 | |a Tạp chí Nghiên cứu Tài chính Kế toán | |
| 245 | 0 | |c Bộ Tài chính. Học viện Tài chính | |
| 260 | |a Hà Nội | ||
| 300 | |a 76tr | ||
| 650 | |a Tạp chí Nghiên cứu Tài chính Kế toán ; Tạp chí Chuyên ngành | ||
| 856 | |u http://lrc.tdmu.edu.vn/opac/search/detail.asp?aID=2&ID=6884 | ||
| 980 | |a Trung tâm Học liệu Trường Đại học Thủ Dầu Một | ||